Rodinná politika Spolkove republiky Německo Expertíza

Saved in:
Bibliographic Details
Main Author: Moyzesová, Daniela
Format: Book
Language:Czech
Published: Bratislava Výskumný ústav práce a sociálnych vecí 1991
Edition:1. vyd.
Tags: Add Tag
No Tags, Be the first to tag this record!

MARC

LEADER 00000nam a2200000 4500
001 c034671
005 20240417083756.7
041 0 |a cze 
044 |a SK 
245 1 0 |a Rodinná politika Spolkove republiky Německo  |b Expertíza  |c Daniela Moyzesová 
250 |a 1. vyd. 
264 1 |a Bratislava  |b Výskumný ústav práce a sociálnych vecí  |c 1991 
300 |a 11 s. 
100 1 |a Moyzesová, Daniela